• 首页
  • 本馆介绍
  • 公告通知
  • 最新文献
  • 馆藏检索
  • 电子资源
  • 读者导购
  • 参考咨询
  • 我的图书馆
  • 登录
  • 详细信息显示
  • 放入我的书架
  • 预约/预借图书
  • 作者相关作品
  • 分类相关作品
  • 丛书相关作品
  • 出版社相关作品

书目信息

  • 表格格式
  • 工作单格式
  • 卡片格式
题名:
暗示心理学
    
 
作者: 库埃 著 ;尚文 译
分册:  
出版信息: 南昌   江西美术出版社  2017
页数: 212页
开本: 21cm
丛书名: 读美文库
单 册:
中图分类: C912.6
科图分类:
主题词: 暗示--研究
电子资源:
ISBN: 978-7-5480-3605-0
000 01138oam2 2200289 450
001 5648
005 20180528213918.71
010    @a978-7-5480-3605-0@dCNY26.80
100    @a20170905d2017 em y0chiy50 ea
101 1  @achi@cfre
102    @aCN@b360000
105    @aa z 000yy
200 1  @a暗示心理学@9an shi xin li xue@e找到操控和被操控的源头@f(法)埃米尔·库埃著@g尚文译
210    @a南昌@c江西美术出版社@d2017
215    @a212页@c图@d21cm
225 1  @a读美文库
300    @a心理暗示之父埃米尔·库埃传世经典
314    @a埃米尔·库埃 (1857-1926),法国心理学家、医生、教育家,心理暗示及自我暗示理论的创立者,代表作《暗示心理学》、《超级暗示术》。
330    @a本书教会读者培养自我暗示的能力,利用它为我们创造最大的人生价值。内容包括:自我暗示的精髓、自我暗示与自我认同、如何进行自我暗示、心理暗示常用疗法等。
461  0 @12001 @a读美文库
517 1  @a找到操控和被操控的源头@9zhao dao cao kong he bei cao kong de yuan tou
606 0  @a暗示@x研究
690    @aC912.6@v5
701  0 @c(法)@a库埃@9ku ai@f(1857-1926)@4著
702  0 @a尚文@9shang wen@4译
801  0 @aCN@b91MARC@c20170905
905    @aMuseLib@dB842.7@e1944
    
    暗示心理学:找到操控和被操控的源头/(法)埃米尔·库埃著/尚文译.-南昌:江西美术出版社,2017
    212页:图;21cm.-(读美文库)
    心理暗示之父埃米尔·库埃传世经典
    
    ISBN 978-7-5480-3605-0:CNY26.80
    本书教会读者培养自我暗示的能力,利用它为我们创造最大的人生价值。内容包括:自我暗示的精髓、自我暗示与自我认同、如何进行自我暗示、心理暗示常用疗法等。
●
相关链接 在E读中查询图书 在五车中查询图书 在当当中查询图书 在豆瓣中查询图书


正题名:暗示心理学     索取号:B842.7/1944         预约/预借

序号 登录号 条形码 馆藏地/架位号 状态 备注
1 1114132   211141325   第一借阅区/ [索取号:B842.7/1944] 在馆    
2 1114133   211141334   教育系资料室/ [索取号:B842.7/1944] 在馆    
3 1114134   211141343   教育系资料室/ [索取号:B842.7/1944] 在馆    
4 1114135   211141352   教育系资料室/ [索取号:B842.7/1944] 在馆    
5 1114136   211141361   第一借阅区/ [索取号:B842.7/1944] 在馆    
6 1114137   211141370   第一借阅区/ [索取号:B842.7/1944] 在馆    
7 996814   209968141   第一样本阅览室/ [索取号:B842.7/1944] 在馆    
8 996815   209968150   史法系资料室/ [索取号:B842.7/1944] 在馆    
9 996816   209968169   第一借阅区/ [索取号:B842.7/1944] 在馆    
10 996817   209968178   第一借阅区/ [索取号:B842.7/1944] 在馆    
11 996818   209968187   第一借阅区/ [索取号:B842.7/1944] 在馆    
12 996819   209968196   第一借阅区/ [索取号:B842.7/1944] 在馆    
唐山师范学院图书馆 欢迎您!
大连网信软件有限公司© 版权所有